A spot of bother / (Record no. 25587)
[ view plain ]
| 000 -LEADER | |
|---|---|
| fixed length control field | 00737 a2200205 4500 |
| 005 - DATE AND TIME OF LATEST TRANSACTION | |
| control field | 20181110171153.0 |
| 010 ## - LCCN (DPL NO) | |
| LC control number | B-284392, B-212487 |
| 020 ## - INTERNATIONAL STANDARD BOOK NUMBER | |
| International Standard Book Number | 9780099507437 |
| Terms of availability | 292.50 (£ 3.25) |
| 035 ## - SYSTEM CONTROL NUMBER | |
| System control number | B-284392, B-212487 |
| 037 ## - SOURCE OF ACQUISITION | |
| Source of stock number/acquisition | Super |
| 082 ## - DEWEY DECIMAL CLASSIFICATION NUMBER | |
| Classification number | N |
| 100 ## - MAIN ENTRY--PERSONAL NAME | |
| Personal name | Haddon, Mark |
| 245 ## - TITLE STATEMENT | |
| Title | A spot of bother / |
| Statement of responsibility, etc | by Mark Haddon |
| 260 ## - PUBLICATION, DISTRIBUTION, ETC. (IMPRINT) | |
| Place of publication, distribution, etc | London |
| Name of publisher, distributor, etc | Vintage Books |
| Date of publication, distribution, etc | 2007 |
| 270 ## - ADDRESS | |
| Address | Random House, 20 Vauxhall Bridge Road, |
| City | London |
| Postal code | SW 1V 2SA |
| Electronic mail address | www.vintage-books.co.uk |
| 300 ## - PHYSICAL DESCRIPTION | |
| Extent | 503p. |
| Dimensions | 18cm.(pbk) |
| 942 ## - ADDED ENTRY ELEMENTS (KOHA) | |
| Institution code [OBSOLETE] | dpl |
| Item type | English Books |
| Source of classification or shelving scheme | Dewey Decimal Classification |
| Classification part | N |
| Call number suffix | HAD |
| Withdrawn status | Lost status | Not for loan | Collection code | Home library | Current library | Date acquired | Source of acquisition | Cost, normal purchase price | Full call number | Barcode | Copy number | Cost, replacement price | Koha item type |
|---|---|---|---|---|---|---|---|---|---|---|---|---|---|
| Fiction | R.C.Libraries (zls) | R.C.Libraries (zls) | 10/11/2018 | 292.50 | N HAD | B-212487 | 1 | 292.50 | English Books | ||||
| Fiction | Vinoba Puri | Vinoba Puri | 30/03/2009 | Super/45011/2.8.08/186/21.7.08/13.8.08 | 292.50 | N HAD | B-284392 | 1 | 292.50 | English Books |
